Statistiques concernant Associez ces albums à leurs rappeurs français

Cliquez ici pour prendre le quiz!

Statistiques générales

  • Ce quiz a été pris 1 304 fois
  • Le résultat moyen est 12 sur 24

Statistiques - réponses

HintRéponse% Correct
M.I.L.SNinho
87%
Le monde ChicoPNL
84%
Batterie faibleDamso
83%
CyborgNekfeu
77%
L'école du micro d'argentIAM
72%
ZifukoroNiska
62%
MentalPLK
60%
FuturBooba
58%
NQNTVald
56%
Projet Blue BeamFreeze Corleone
55%
Deo FaventeSCH
52%
DigitalovaLaylow
49%
PureMaes
48%
On s'prometDjadja & Dinaz
41%
Fissure de vieSo la Lune
41%
Nique le CasinoSadek
40%
La BanquiseGuizmo
38%
MOBIUSRounhaa
38%
Trop chaudTimal
37%
Le bruit de mon âmeKaaris
35%
ÉmotionsJul
33%
Capital du crimeLa Fouine
25%
On est fait pour çaNaps
23%
Né pour mourirLacrim
21%

Distribution des résultats

Percentile par nombre de réponses

% des personnes avec chaque résultat

Votre développement - résultats

Vous n’avez pas pris ce quiz